000 00642nam a2200217 a 4500
001 000036546
003 DO-SdBNP
005 20220407102641.0
007 ta
008 120120s2011 dr 000 0 spa d
020 _a9789945475036
040 _aDO-SdBNP
_bspa
_cBNPHU
082 4 _bC794d
_222
100 1 _aCordero, Jesús,
_d1977-
_962798
245 1 0 _aDebajo de este sol /
_cJesús Cordero.
260 _aSanto Domingo :
_bDirección General de la Feria del Libro,
_c2011.
300 _a65 p. ;
_c24 cm.
586 _aPremio Internacional de Poesía Joven Feria del Libro 2010
590 _aInventariado, 2022/BT
942 _2ddc
_cLBS1
999 _c36037
_d36037